00548nam a22001457a 4500008004100000020001800041040005500059080001900114245013000133260006700263300001400330650001900344653001400363700002500377230328b |||||||| |||| 00| 0 eng d a0-07-062091-1 aNational Science LibrarycNational Science Library aD 681.324 bP6 aNational conference on broadband communication systems September 1-3, 2006c/Vishwakarma Institute of Information Technology  aNew Delhi: bTata McGraw-Hill Publihing Company Limited,c2007 axx, 348p. aCommunication  aBroadband aKhurjekar, M J (Ed.)